[Event "Bayerische EM 2021 - Männer"]
[Site "Schney"]
[Date "2021.08.22"]
[Round "1.1"]
[White "Miller, Eduard"]
[Black "Willim, Michael"]
[Result "1/2-1/2"]
[WhiteElo "2380"]
[BlackElo "2076"]
[PlyCount "82"]
[EventDate "2021.??.??"]
[WhiteTeam "SC Erlangen"]
[BlackTeam "SC Erlangen"]

1. e4 c5 2. Be2 Nc6 3. f4 g6 4. Nf3 Bg7 5. O-O e6 6. c3 Nge7 7. d4 cxd4 8. cxd4
Qb6 9. Kh1 d5 10. e5 h5 11. Nc3 a6 12. Bd3 Nf5 13. Bxf5 gxf5 14. Na4 Qd8 15.
Bd2 Ne7 16. Qb3 b5 17. Nc5 Ng6 18. a4 bxa4 19. Qxa4+ Bd7 20. Nxd7 Qxd7 21. g3
h4 22. Kg2 hxg3 23. hxg3 Qxa4 24. Rxa4 O-O 25. Rfa1 Rfb8 26. Bc3 Rb6 27. Ne1
Ne7 28. Nd3 Nc6 29. Nc5 Nb8 30. Ra5 Bf8 31. R1a4 Ra7 32. b4 Rc7 33. Be1 Rcc6
34. Kf3 Kg7 35. g4 fxg4+ 36. Kxg4 Rc8 37. Bf2 Kg6 38. b5 Rxb5 39. Rxb5 axb5 40.
Rb4 Nc6 41. Rxb5 Rb8 1/2-1/2

[Event "Bayerische EM 2021 - Männer"]
[Site "Schney"]
[Date "2021.08.22"]
[Round "1.2"]
[White "Stöckl, Stephan"]
[Black "Schmid, Roland"]
[Result "0-1"]
[WhiteElo "2061"]
[BlackElo "2325"]
[PlyCount "56"]
[EventDate "2021.??.??"]
[WhiteTeam "SK Schwandorf"]
[BlackTeam "Post Regensburg"]

1. Nf3 d5 2. c4 c6 3. g3 Nf6 4. Bg2 dxc4 5. Qc2 b5 6. a4 Bb7 7. Na3 a6 8. O-O
e6 9. b3 cxb3 10. Qxb3 Nbd7 11. d4 Be7 12. Rd1 O-O 13. Bd2 Qb6 14. Rab1 c5 15.
Nc4 bxc4 16. Qxb6 Nxb6 17. Rxb6 Bd5 18. Be3 Ng4 19. Ne5 Nxe5 20. dxe5 Rfd8 21.
Rc1 h6 22. h4 Rdc8 23. Rd1 Rcb8 24. Rdb1 Rxb6 25. Rxb6 c3 26. Bc1 Rd8 27. e4
Bc4 28. Bf3 c2 0-1

[Event "Bayerische EM 2021 - Männer"]
[Site "Schney"]
[Date "2021.08.22"]
[Round "1.3"]
[White "Wisnet, Dominic"]
[Black "Großhans, Ralf-Michael"]
[Result "1-0"]
[WhiteElo "2304"]
[BlackElo "2046"]
[PlyCount "121"]
[EventDate "2021.??.??"]
[WhiteTeam "SK Passau"]
[BlackTeam "SG Kuppenheim"]

1. e4 Nf6 2. Nc3 d5 3. e5 d4 4. exf6 dxc3 5. fxg7 cxd2+ 6. Qxd2 Qxd2+ 7. Bxd2
Bxg7 8. O-O-O Nc6 9. Ne2 Bd7 10. Bc3 Bxc3 11. Nxc3 O-O-O 12. f4 Bf5 13. Bc4 e6
14. Rhe1 a6 15. Be2 Nd4 16. Bd3 Rhg8 17. Bxf5 Nxf5 18. Rxd8+ Kxd8 19. Re2 Nd6
20. Kd1 Rg4 21. g3 h5 22. Ke1 h4 23. Kf2 hxg3+ 24. hxg3 Rg7 25. b3 Kd7 26. Kf3
Rh7 27. Kg2 a5 28. Nd1 b6 29. Nf2 Rg7 30. Re1 Rh7 31. g4 Kc6 32. Nd3 Kd5 33.
Ne5 Kd4 34. c4 Kc3 35. Re2 a4 36. bxa4 Kb4 37. Rc2 Kxa4 38. c5 bxc5 39. Rxc5 f6
40. Nd3 Rd7 41. Kf3 Nb5 42. Rc4+ Ka3 43. Ra4+ Kxa4 44. Nc5+ Ka3 45. Nxd7 Nd6
46. Nxf6 Kxa2 47. Ne4 Nxe4 48. Kxe4 c5 49. g5 c4 50. g6 c3 51. g7 c2 52. g8=Q
c1=Q 53. Qxe6+ Ka3 54. Qa6+ Kb4 55. Qb6+ Ka4 56. Qd4+ Kb5 57. f5 Qe1+ 58. Kd5
Qh1+ 59. Kd6 Qh6+ 60. f6 Qf8+ 61. Kc7 1-0

[Event "Bayerische EM 2021 - Männer"]
[Site "Schney"]
[Date "2021.08.22"]
[Round "1.4"]
[White "Bunk, Wolfgang"]
[Black "Schulz, Lukas"]
[Result "0-1"]
[WhiteElo "2025"]
[BlackElo "2274"]
[PlyCount "90"]
[EventDate "2021.??.??"]
[WhiteTeam "SC Bavaria Regensburg"]
[BlackTeam "SC Erlangen"]

1. d4 Nf6 2. c4 g6 3. Nc3 Bg7 4. e4 d6 5. Nf3 O-O 6. Be2 e5 7. Be3 Nc6 8. O-O
Bg4 9. d5 Ne7 10. Nd2 Bd7 11. c5 Ne8 12. Nc4 f5 13. f3 f4 14. Bf2 Kh8 15. Qb3
b6 16. c6 Bc8 17. a4 a5 18. Na3 g5 19. Rfb1 h5 20. Qd1 Bh6 21. b4 axb4 22. Rxb4
Rg8 23. Nc4 Nf6 24. a5 bxa5 25. Rxa5 Rxa5 26. Nxa5 g4 27. Kh1 g3 28. Bg1 Ng6
29. Rb8 Nh4 30. Bf1 Qe7 31. Nb5 Nxe4 32. fxe4 f3 33. Na7 Bh3 34. Rxg8+ Kxg8 35.
hxg3 fxg2+ 36. Bxg2 Bxg2+ 37. Kh2 Bxe4 38. Qxh5 Nf3+ 39. Kg2 Ng5+ 40. Kf1 Qf6+
41. Bf2 Bxd5 42. Nc8 Kf8 43. Qh4 Kg7 44. g4 Qf3 45. Ne7 Qd3+ 0-1

[Event "Bayerische EM 2021 - Männer"]
[Site "Schney"]
[Date "2021.08.22"]
[Round "1.5"]
[White "Reis, Gerhard"]
[Black "Wunder, Stefan"]
[Result "1-0"]
[WhiteElo "2223"]
[BlackElo "2024"]
[PlyCount "69"]
[EventDate "2021.??.??"]
[WhiteTeam "SW Nürnberg Süd"]
[BlackTeam "FC Nordhalben"]

1. d4 g6 2. e4 Bg7 3. Nc3 d6 4. Be3 a6 5. a4 b6 6. g3 Bb7 7. Bg2 Nd7 8. Nge2 e6
9. O-O Ne7 10. Qd2 h6 11. Rae1 Rb8 12. h3 Ba8 13. g4 b5 14. axb5 axb5 15. f4 b4
16. Nd1 h5 17. g5 O-O 18. f5 exf5 19. exf5 Bxg2 20. Kxg2 Nd5 21. f6 N7xf6 22.
gxf6 Bxf6 23. Bh6 Re8 24. Ng3 Rxe1 25. Qxe1 Qd7 26. Qe4 c6 27. Ne3 Nxe3+ 28.
Qxe3 Re8 29. Ne4 Bd8 30. Qf4 f5 31. Qxd6 Qh7 32. Bg5 fxe4 33. Bxd8 e3 34. Qxc6
Rxd8 35. Qe6+ 1-0

[Event "Bayerische EM 2021 - Männer"]
[Site "Schney"]
[Date "2021.08.22"]
[Round "1.6"]
[White "Birkholz, Olga"]
[Black "Reimann, Sebastian"]
[Result "0-1"]
[WhiteElo "2018"]
[BlackElo "2213"]
[PlyCount "76"]
[EventDate "2021.??.??"]
[WhiteTeam "TSV Bindlach"]
[BlackTeam "SK Kriegshaber"]

1. d4 g6 2. g3 Bg7 3. Nf3 Nf6 4. Bg2 O-O 5. O-O d5 6. a4 c5 7. dxc5 Na6 8. c6
bxc6 9. c4 Bb7 10. Na3 Ne4 11. Rb1 Nac5 12. Qc2 a5 13. Ng5 Nxg5 14. Bxg5 d4 15.
b4 axb4 16. Rxb4 Ra6 17. Rxb7 Nxb7 18. c5 Ra5 19. Qe4 Nxc5 20. Qxc6 Nxa4 21.
Nc4 Rxg5 22. Qxa4 Rc5 23. Nb2 Qa5 24. Qd1 Rb8 25. Nd3 Rc7 26. f4 e6 27. g4 f5
28. Bf3 Kh8 29. h3 Ra7 30. Kg2 Qc3 31. h4 Ra2 32. h5 Rd2 33. Qe1 Qxd3 34. hxg6
fxg4 35. Bxg4 Rbb2 36. Qh4 Rxe2+ 37. Bxe2 Qxe2+ 38. Rf2 Qxf2+ 0-1

[Event "Bayerische EM 2021 - Männer"]
[Site "Schney"]
[Date "2021.08.22"]
[Round "1.7"]
[White "Schmid, Franz"]
[Black "Reimann, Matthias"]
[Result "1/2-1/2"]
[WhiteElo "2197"]
[BlackElo "2017"]
[PlyCount "92"]
[EventDate "2021.??.??"]
[WhiteTeam "SK Passau"]
[BlackTeam "SK Kriegshaber"]

1. e4 d6 2. d4 g6 3. Nc3 Bg7 4. Be3 a6 5. a4 Nc6 6. Qd2 e5 7. Nge2 exd4 8. Nxd4
Nxd4 9. Bxd4 Bxd4 10. Qxd4 Qf6 11. Qd2 Ne7 12. Be2 Be6 13. O-O Rd8 14. f4 d5
15. e5 Qh4 16. a5 Nf5 17. Ra4 Qe7 18. Kh1 Qh4 19. Kg1 Qe7 20. Rf2 h5 21. Ra1 h4
22. Na4 Ng3 23. Bf3 Bf5 24. Qd4 Be4 25. Bg4 Bf5 26. Bf3 Be4 27. Qc5 Bxf3 28.
Qxe7+ Kxe7 29. hxg3 Bg4 30. gxh4 Rxh4 31. Rd2 Be6 32. Rf1 Rdh8 33. Nc5 Rb8 34.
Rd4 g5 35. Rb4 Rxf4 36. Rfxf4 gxf4 37. Nxa6 Ra8 38. Nxc7 Rxa5 39. Rxb7 Kd7 40.
Nxe6+ Kxe6 41. Kf2 d4 42. Ke2 Rxe5+ 43. Kd3 Rg5 44. Kxd4 Rxg2 45. c4 Rc2 46.
Kd3 f3 1/2-1/2

[Event "Bayerische EM 2021 - Männer"]
[Site "Schney"]
[Date "2021.08.22"]
[Round "1.8"]
[White "Lohr, Maximilian"]
[Black "Schatz, Christian"]
[Result "1/2-1/2"]
[WhiteElo "2011"]
[BlackElo "2186"]
[PlyCount "30"]
[EventDate "2021.??.??"]
[WhiteTeam "FC Ergolding"]
[BlackTeam "SC Postbauer-Heng"]

1. e4 c6 2. d4 d5 3. e5 Bf5 4. Nf3 e6 5. Be2 Nd7 6. O-O Ne7 7. Nbd2 c5 8. c4
cxd4 9. cxd5 Nxd5 10. Nxd4 Bg6 11. Nc4 Be7 12. Bf3 O-O 13. Qe2 Rc8 14. Bxd5
exd5 15. Nd2 Nc5 1/2-1/2

[Event "Bayerische EM 2021 - Männer"]
[Site "Schney"]
[Date "2021.08.22"]
[Round "1.9"]
[White "Salvermoser, Bernd"]
[Black "Brunner, Tobias"]
[Result "1-0"]
[WhiteElo "2178"]
[BlackElo "1998"]
[PlyCount "127"]
[EventDate "2021.??.??"]
[WhiteTeam "SK Penzberg"]
[BlackTeam "SC Windischeschenbach"]

1. d4 d5 2. c4 e6 3. Nc3 Nf6 4. cxd5 exd5 5. Bg5 Be7 6. e3 c6 7. Bd3 Nbd7 8.
Nf3 Nf8 9. Bxf6 Bxf6 10. b4 a5 11. b5 c5 12. Rc1 c4 13. Be2 Be6 14. e4 dxe4 15.
Nxe4 Rc8 16. Nxf6+ gxf6 17. O-O Ng6 18. Qd2 O-O 19. Rfd1 Bd5 20. Qh6 Qd6 21.
Nh4 Qf4 22. Qxf4 Nxf4 23. Bg4 Rc7 24. Rc3 Re8 25. Re3 Rxe3 26. fxe3 Nd3 27. Nf5
Kf8 28. Be2 Nb2 29. Rc1 c3 30. Nd6 Bxa2 31. b6 Rc6 32. Nxb7 a4 33. Nc5 Ke7 34.
b7 Rb6 35. Rxc3 Bd5 36. Bf3 Kd6 37. e4 Bxb7 38. e5+ fxe5 39. dxe5+ Kxe5 40.
Nxb7 Kd4 41. Ra3 Ra6 42. Be2 Nc4 43. Rd3+ Ke5 44. Nc5 Ra5 45. Nd7+ Ke6 46. Rc3
Nd6 47. Nf8+ Kd5 48. Ra3 Nc4 49. Rd3+ Ke5 50. Nd7+ Ke6 51. Rc3 Nd6 52. Rc5 Ra8
53. Nb6 Rb8 54. Nxa4 Rb1+ 55. Bf1 Ne4 56. Rc7 Ng5 57. h4 Ne4 58. Nc3 Nxc3 59.
Rxc3 Rb4 60. g3 Kf5 61. Kf2 Kg4 62. Rf3 f5 63. Kg2 Re4 64. Bd3 1-0

[Event "Bayerische EM 2021 - Männer"]
[Site "Schney"]
[Date "2021.08.22"]
[Round "1.10"]
[White "Kocak, Ediz"]
[Black "Heimrath, Reiner"]
[Result "0-1"]
[WhiteElo "1996"]
[BlackElo "2170"]
[PlyCount "68"]
[EventDate "2021.??.??"]
[WhiteTeam "SGem 1882 Fürth"]
[BlackTeam "SC N-T Nürnberg"]

1. e4 e5 2. Nf3 Nc6 3. Bb5 Nge7 4. c3 a6 5. Ba4 g6 6. d4 exd4 7. cxd4 b5 8. Bb3
Bg7 9. Nc3 O-O 10. d5 Na5 11. d6 cxd6 12. Bc2 b4 13. Nd5 Nxd5 14. Qxd5 Qc7 15.
Qxa8 Bb7 16. Qxf8+ Kxf8 17. Bd3 Nc4 18. Rb1 Nxb2 19. Bxb2 Bxb2 20. O-O Bc3 21.
Rfc1 Bc6 22. Bxa6 Qa5 23. Bd3 Qxa2 24. Ne1 Qa8 25. f3 Qa7+ 26. Kh1 Qe3 27. Bc4
Qc5 28. Bb3 Bb5 29. Rd1 Qe3 30. Nc2 Qf2 31. Rxd6 Bf1 32. Ne3 Be1 33. Rbd1 Bxg2+
34. Nxg2 Qf1# 0-1

[Event "Bayerische EM 2021 - Männer"]
[Site "Schney"]
[Date "2021.08.22"]
[Round "1.11"]
[White "Ammon, Tobias"]
[Black "Höller, Armin"]
[Result "1/2-1/2"]
[WhiteElo "2168"]
[BlackElo "1994"]
[PlyCount "54"]
[EventDate "2021.??.??"]
[WhiteTeam "SV Altensittenbach"]
[BlackTeam "SK Weilheim"]

1. e4 e5 2. Nf3 Nc6 3. d4 exd4 4. Nxd4 Nf6 5. Nxc6 bxc6 6. e5 Qe7 7. Qe2 Nd5 8.
g3 Bb7 9. Bg2 f6 10. c4 Nb6 11. O-O Qxe5 12. Qc2 O-O-O 13. Bf4 Qe6 14. Nd2 g5
15. Rfe1 Qf7 16. Be3 h5 17. a4 a5 18. Qf5 Bb4 19. b3 Qe6 20. Qd3 Qf7 21. Red1
h4 22. g4 h3 23. Be4 Kb8 24. Bg6 Qe6 25. Bf5 Qf7 26. Bg6 Qe7 27. Bf5 Qf7
1/2-1/2

[Event "Bayerische EM 2021 - Männer"]
[Site "Schney"]
[Date "2021.08.22"]
[Round "1.12"]
[White "Link, Klaus"]
[Black "Löw, Gerald"]
[Result "1-0"]
[WhiteElo "1982"]
[BlackElo "2166"]
[PlyCount "65"]
[EventDate "2021.??.??"]
[WhiteTeam "SK Klingenberg"]
[BlackTeam "TSV Bindlach"]

1. e4 d6 2. d4 Nf6 3. Nc3 e5 4. Nge2 Be7 5. dxe5 dxe5 6. Qxd8+ Bxd8 7. Bg5 c6
8. O-O-O h6 9. Bh4 Nbd7 10. f3 Bb6 11. Kb1 a5 12. a4 O-O 13. Nc1 Re8 14. Nb3
Nf8 15. g4 Ne6 16. Bg3 Nf4 17. Ne2 g5 18. Nxf4 gxf4 19. Bh4 Nh7 20. Bc4 Kg7 21.
Rd2 Rb8 22. Rg2 Kg6 23. Bf2 Bc7 24. h4 Rd8 25. g5 hxg5 26. hxg5 Nf8 27. Rh6+
Kg7 28. Rgh2 Rd1+ 29. Ka2 Bd8 30. g6 fxg6 31. Rh8 Be7 32. Rg8+ Kf6 33. Bh4+ 1-0

[Event "Bayerische EM 2021 - Männer"]
[Site "Schney"]
[Date "2021.08.22"]
[Round "1.13"]
[White "Böhme, Markus"]
[Black "Heimerl, Detlev"]
[Result "1-0"]
[WhiteElo "2114"]
[BlackElo "1940"]
[PlyCount "57"]
[EventDate "2021.??.??"]
[WhiteTeam "SC Uttenreuth"]
[BlackTeam "SF Kirchenlamitz"]

1. d4 d5 2. c4 c6 3. Nf3 Nf6 4. Nc3 Bf5 5. Qb3 Bc8 6. cxd5 Nxd5 7. e4 Nxc3 8.
bxc3 Qb6 9. Qc2 Nd7 10. Bf4 g6 11. Bc4 e6 12. O-O Be7 13. Bh6 Bf8 14. Bf4 Be7
15. Bh6 Bf8 16. Qd2 Qa5 17. Bxf8 Rxf8 18. e5 Nb6 19. Bd3 Nd5 20. Rfc1 Bd7 21.
Ng5 Rh8 22. Ne4 b6 23. Nd6+ Ke7 24. a4 Rab8 25. Qg5+ f6 26. Qh6 Kd8 27. Nf7+
Kc7 28. Nxh8 Rxh8 29. exf6 1-0

[Event "Bayerische EM 2021 - Männer"]
[Site "Schney"]
[Date "2021.08.22"]
[Round "1.14"]
[White "Sesselmann, Christoph"]
[Black "Delitzsch, Jürgen"]
[Result "0-1"]
[WhiteElo "1887"]
[BlackElo "2110"]
[PlyCount "144"]
[EventDate "2021.??.??"]
[WhiteTeam "SK Kulmbach"]
[BlackTeam "TSV Bindlach"]

1. d4 Nf6 2. Nc3 g6 3. e4 d6 4. Bg5 Bg7 5. Qd2 c6 6. Bd3 h6 7. Bh4 g5 8. Bg3
Nh5 9. Nge2 Nxg3 10. hxg3 Qa5 11. Nd1 Qxd2+ 12. Kxd2 Nd7 13. Ne3 e6 14. g4 Nf8
15. c3 Ng6 16. g3 Bd7 17. f4 O-O-O 18. Raf1 Nf8 19. fxg5 Be8 20. gxh6 Rxh6 21.
Nf4 Rxh1 22. Rxh1 e5 23. Ne2 exd4 24. cxd4 Ne6 25. Nf5 Bf6 26. Ke3 c5 27. d5
Nf8 28. Nc3 a6 29. Rh5 Ng6 30. g5 Be5 31. Bf1 Kc7 32. Kf3 b5 33. Ne3 Bd7 34.
Rh7 Rg8 35. Ng4 Rg7 36. Rxg7 Bxg4+ 37. Kxg4 Bxg7 38. Nd1 Bd4 39. b3 c4 40. bxc4
bxc4 41. Kf3 Ne5+ 42. Ke2 Kb6 43. Ne3 Bxe3 44. Kxe3 Kc5 45. a3 a5 46. Be2 c3
47. Bf1 Ng4+ 48. Kd3 Nf2+ 49. Kxc3 Nxe4+ 50. Kd3 Nxg5 51. Bg2 Nh7 52. Kc3 Nf6
53. Kb3 Nxd5 54. Ka4 Ne3 55. Bf3 Kb6 56. Be2 d5 57. Kb3 Nf5 58. Bh5 f6 59. g4
Ne3 60. Kc3 Kc5 61. a4 Nc4 62. Bf7 d4+ 63. Kb3 Ne3 64. Be6 Kd6 65. Bc8 Ke5 66.
Kb2 Kf4 67. Kc1 Nxg4 68. Kd2 Ne5 69. Bb7 f5 70. Bd5 Kg3 71. Ke2 f4 72. Be4 d3+
0-1

[Event "Bayerische EM 2021 - Männer"]
[Site "Schney"]
[Date "2021.08.22"]
[Round "1.15"]
[White "Homi, Joseph"]
[Black "Gebhardt, Christian"]
[Result "1/2-1/2"]
[WhiteElo "2103"]
[BlackElo "1884"]
[PlyCount "83"]
[EventDate "2021.??.??"]
[WhiteTeam "SGem 1882 Fürth"]
[BlackTeam "SV Seubelsdorf"]

1. e4 e6 2. d4 d5 3. Nc3 Bb4 4. e5 c5 5. a3 Bxc3+ 6. bxc3 Ne7 7. Qg4 O-O 8. Bd3
Nbc6 9. Qh5 Ng6 10. Nf3 Nce7 11. O-O c4 12. Be2 f5 13. exf6 Rxf6 14. Nh4 Nxh4
15. Qxh4 Nf5 16. Qh3 Rf8 17. Bg4 Qf6 18. Bxf5 Qxf5 19. Qxf5 Rxf5 20. Re1 Bd7
21. f4 Re8 22. Rb1 b6 23. g3 Ba4 24. Re2 Re7 25. Kg2 Rf8 26. Rb4 Be8 27. h3 Bg6
28. g4 Be4+ 29. Kg1 Rc8 30. Kf2 Kf7 31. Be3 Kg6 32. Rb1 Rh8 33. Rg1 Kf7 34. Ke1
Ke8 35. Kd2 Kd7 36. Bf2 Rf7 37. Bg3 Rg8 38. Rf2 Rh8 39. Rgf1 Rhf8 40. Ke3 g6
41. Kd2 h5 42. g5 1/2-1/2

[Event "Bayerische EM 2021 - Männer"]
[Site "Schney"]
[Date "2021.08.22"]
[Round "1.16"]
[White "Bruss, Robert"]
[Black "Köhler, Lukas"]
[Result "1/2-1/2"]
[WhiteElo "1800"]
[BlackElo "2102"]
[PlyCount "71"]
[EventDate "2021.??.??"]
[WhiteTeam "SGem 1882 Fürth"]
[BlackTeam "SC Bamberg"]

1. d4 Nf6 2. c4 g6 3. Nc3 Bg7 4. e4 d6 5. Be2 O-O 6. Nf3 e5 7. O-O Nc6 8. d5
Ne7 9. b4 a5 10. Ba3 axb4 11. Bxb4 b6 12. a4 Ne8 13. a5 c5 14. dxc6 Nxc6 15.
Ba3 Nxa5 16. Nb5 Nb7 17. Qd5 Rb8 18. Rfd1 Be6 19. Qd3 Rc8 20. Rac1 Nc5 21. Bxc5
Rxc5 22. Nxd6 Nxd6 23. Qxd6 Qxd6 24. Rxd6 b5 25. Ng5 Bxc4 26. Bxc4 bxc4 27. Rc2
h6 28. Nf3 Rfc8 29. Kf1 Kf8 30. Ra6 Ke7 31. Ke2 R8c7 32. Nd2 h5 33. Ra4 c3 34.
Nb1 Bh6 35. Ra6 Bd2 36. Nxd2 1/2-1/2

[Event "Bayerische EM 2021 - Männer"]
[Site "Schney"]
[Date "2021.08.22"]
[Round "1.17"]
[White "Fuchs, Michael"]
[Black "Fuchs, Florian"]
[Result "1/2-1/2"]
[WhiteElo "2086"]
[BlackElo "1766"]
[PlyCount "43"]
[EventDate "2021.??.??"]
[WhiteTeam "DJK SF Haselbach"]
[BlackTeam "DJK SF Haselbach"]

1. e4 c5 2. Nf3 Nc6 3. c3 Nf6 4. e5 Nd5 5. d4 cxd4 6. cxd4 d6 7. Bc4 e6 8. O-O
Be7 9. Re1 O-O 10. a3 a6 11. b4 b5 12. Bd3 dxe5 13. dxe5 Bb7 14. Qe2 Qc7 15.
Qe4 g6 16. Bh6 Rfd8 17. Qe2 Rac8 18. Ra2 Qb8 19. Rc2 Na7 20. Rec1 Rxc2 21. Rxc2
Rc8 22. Bd2 1/2-1/2

[Event "Bayerische EM 2021 - Männer"]
[Site "Schney"]
[Date "2021.08.22"]
[Round "1.18"]
[White "Bratu, Mircea"]
[Black "Kanewski, Josef"]
[Result "1-0"]
[WhiteElo "1715"]
[BlackElo "2084"]
[PlyCount "59"]
[EventDate "2021.??.??"]
[WhiteTeam "SG Schwabing München"]
[BlackTeam "SK Weiden"]

1. c4 f5 2. d4 Nf6 3. Nc3 g6 4. g3 Bg7 5. Bg2 d6 6. e4 e5 7. dxe5 dxe5 8. Qxd8+
Kxd8 9. Bg5 c6 10. O-O-O+ Kc7 11. Nge2 Ng4 12. Rhf1 Nxh2 13. Rh1 Ng4 14. Rxh7
Be6 15. Rxg7+ Nd7 16. f3 Nf2 17. Rd2 fxe4 18. Nxe4 Nxe4 19. fxe4 Rhg8 20. Rxg8
Rxg8 21. b3 Rh8 22. Ng1 Bg4 23. Be7 Rh7 24. Bd6+ Kc8 25. Nf3 Rh5 26. Nh4 Rh6
27. Rf2 g5 28. Bf8 Re6 29. Nf5 Nxf8 30. Ne3 1-0

[Event "Bayerische EM 2021 - Männer"]
[Site "Schney"]
[Date "2021.08.23"]
[Round "2.1"]
[White "Schmid, Roland"]
[Black "Böhme, Markus"]
[Result "1-0"]
[WhiteElo "2325"]
[BlackElo "2114"]
[PlyCount "95"]
[EventDate "2021.??.??"]
[WhiteTeam "Post Regensburg"]
[BlackTeam "SC Uttenreuth"]

1. c4 c5 2. Nf3 g6 3. e4 Nc6 4. d4 cxd4 5. Nxd4 Nf6 6. Nc3 d6 7. Be2 Nxd4 8.
Qxd4 Bg7 9. Be3 O-O 10. Qd2 a5 11. f3 a4 12. Rc1 Be6 13. Kf2 h5 14. Rhd1 h4 15.
Rc2 h3 16. g4 Qb8 17. Nd5 Bxd5 18. cxd5 e6 19. g5 Nh5 20. f4 e5 21. f5 Nf4 22.
Bxf4 exf4 23. f6 Bh8 24. Qxf4 Rc8 25. Rdc1 Rxc2 26. Rxc2 Qd8 27. Bg4 Qb6+ 28.
Qe3 Qb4 29. a3 Qb5 30. Bxh3 Re8 31. Bg4 Re5 32. h4 Re8 33. h5 gxh5 34. Bf5 Re5
35. Rc8+ Re8 36. Rxe8+ Qxe8 37. Qc3 b6 38. Qc8 Kf8 39. Qxe8+ Kxe8 40. Kg3 Kf8
41. Kh4 Kg8 42. Kxh5 Kf8 43. Kh6 Kg8 44. Bd7 b5 45. Bxb5 Kf8 46. Bxa4 Kg8 47.
Bd7 Kf8 48. a4 1-0

[Event "Bayerische EM 2021 - Männer"]
[Site "Schney"]
[Date "2021.08.23"]
[Round "2.2"]
[White "Heimrath, Reiner"]
[Black "Wisnet, Dominic"]
[Result "1/2-1/2"]
[WhiteElo "2170"]
[BlackElo "2304"]
[PlyCount "61"]
[EventDate "2021.??.??"]
[WhiteTeam "SC N-T Nürnberg"]
[BlackTeam "SK Passau"]

1. e4 c5 2. Nc3 g6 3. g3 Bg7 4. Bg2 Nc6 5. Nge2 e6 6. d3 Nge7 7. Nf4 Rb8 8. h4
b5 9. h5 Nd4 10. Nb1 d6 11. c3 Ndc6 12. a3 a5 13. Ne2 b4 14. axb4 axb4 15. Bg5
O-O 16. hxg6 fxg6 17. Nd2 bxc3 18. bxc3 Ne5 19. O-O h6 20. Bxe7 Qxe7 21. Qc2 h5
22. d4 Ng4 23. e5 dxe5 24. Qxg6 exd4 25. Qxh5 Nf6 26. Qe5 Rb2 27. Nc4 Ne8 28.
Qh5 Nf6 29. Qe5 Ne8 30. Qh5 Nf6 31. Qe5 1/2-1/2

[Event "Bayerische EM 2021 - Männer"]
[Site "Schney"]
[Date "2021.08.23"]
[Round "2.3"]
[White "Schulz, Lukas"]
[Black "Link, Klaus"]
[Result "1-0"]
[WhiteElo "2274"]
[BlackElo "1982"]
[PlyCount "63"]
[EventDate "2021.??.??"]
[WhiteTeam "SC Erlangen"]
[BlackTeam "SK Klingenberg"]

1. e4 c6 2. Nc3 d5 3. g3 dxe4 4. Nxe4 Nd7 5. Qe2 Ndf6 6. d3 Nxe4 7. dxe4 e5 8.
Bd2 Be6 9. Bh3 Qd7 10. Bxe6 Qxe6 11. f4 exf4 12. gxf4 Nf6 13. e5 Nd5 14. Nf3
O-O-O 15. Nd4 Qh3 16. O-O-O Bc5 17. Qc4 Bb6 18. Kb1 Rhe8 19. a4 Kb8 20. a5 Bxd4
21. Qxd4 Rd7 22. Be3 b6 23. axb6 Red8 24. bxa7+ Ka8 25. Rd3 Qf3 26. Re1 Nxe3
27. Qb6 Rxd3 28. cxd3 Qd5 29. Rxe3 Rc8 30. d4 Qh1+ 31. Ka2 c5 32. Rb3 1-0

[Event "Bayerische EM 2021 - Männer"]
[Site "Schney"]
[Date "2021.08.23"]
[Round "2.4"]
[White "Delitzsch, Jürgen"]
[Black "Reis, Gerhard"]
[Result "1/2-1/2"]
[WhiteElo "2110"]
[BlackElo "2223"]
[PlyCount "28"]
[EventDate "2021.??.??"]
[WhiteTeam "TSV Bindlach"]
[BlackTeam "SW Nürnberg Süd"]

1. e4 c5 2. Nf3 Nc6 3. Bb5 g6 4. O-O Bg7 5. c3 Nf6 6. Re1 O-O 7. h3 Ne8 8. a4
e5 9. d3 d6 10. Na3 Nc7 11. Bg5 Bf6 12. Bh6 Bg7 13. Bg5 Bf6 14. Bh6 Bg7 1/2-1/2

[Event "Bayerische EM 2021 - Männer"]
[Site "Schney"]
[Date "2021.08.23"]
[Round "2.5"]
[White "Reimann, Sebastian"]
[Black "Bratu, Mircea"]
[Result "1-0"]
[WhiteElo "2213"]
[BlackElo "1715"]
[PlyCount "161"]
[EventDate "2021.??.??"]
[WhiteTeam "SK Kriegshaber"]
[BlackTeam "SG Schwabing München"]

1. e4 c5 2. Nc3 Nc6 3. Nge2 g6 4. d4 cxd4 5. Nxd4 Bg7 6. Be3 d6 7. Qd2 Nf6 8.
f3 O-O 9. Bc4 Bd7 10. O-O-O Rc8 11. Bb3 Ne5 12. h4 h5 13. Kb1 Nc4 14. Bxc4 Rxc4
15. b3 Rc8 16. Nde2 Re8 17. Bd4 Qa5 18. Nd5 Qxd2 19. Nxf6+ Bxf6 20. Rxd2 Bxd4
21. Rxd4 a5 22. Rhd1 Rc5 23. Rd5 Rec8 24. R1d2 Rxd5 25. exd5 b5 26. Kb2 Kg7 27.
c3 Kf6 28. Nd4 Rc5 29. Nc2 Ke5 30. Re2+ Kf6 31. Ne3 Bc8 32. Rd2 Rc7 33. Rd4 Bd7
34. a3 Rc8 35. Rf4+ Kg7 36. c4 b4 37. axb4 axb4 38. Nc2 Rb8 39. Re4 Kf6 40. Re1
e6 41. dxe6 fxe6 42. Rd1 Ke7 43. Ra1 e5 44. Ra7 Ke6 45. Ra6 Ke7 46. Ra7 Ke6 47.
Ne3 Bc6 48. Rg7 Kf6 49. Rc7 Rb6 50. Rc8 Ke6 51. Nc2 Bd7 52. Rg8 Kf7 53. Ra8 Ke6
54. Ne3 Bc6 55. Ra5 Bb7 56. Kc2 Bc6 57. Kd3 Rb8 58. Ra6 Kd7 59. Kd2 Kc7 60.
Ra7+ Rb7 61. Rxb7+ Bxb7 62. Nc2 d5 63. Nxb4 dxc4 64. bxc4 Kd6 65. Kd3 Kc5 66.
Nc2 Bc8 67. Ne3 Be6 68. Ke4 Kd6 69. c5+ Kxc5 70. Kxe5 Ba2 71. g3 Bb1 72. Nd5
Kc4 73. Nf4 Bc2 74. Kf6 Kd4 75. Nxg6 Ke3 76. Ne5 Kf2 77. g4 Kg3 78. gxh5 Kxh4
79. h6 Kh5 80. Kg7 Kg5 81. f4+ 1-0

[Event "Bayerische EM 2021 - Männer"]
[Site "Schney"]
[Date "2021.08.23"]
[Round "2.6"]
[White "Steinhauer, Artur"]
[Black "Salvermoser, Bernd"]
[Result "1-0"]
[WhiteElo "1580"]
[BlackElo "2178"]
[PlyCount "67"]
[EventDate "2021.??.??"]
[WhiteTeam "SC Bavaria Regensburg"]
[BlackTeam "SK Penzberg"]

1. e4 c6 2. Nc3 d5 3. Qf3 Nf6 4. e5 Nfd7 5. d4 e6 6. Nh3 h6 7. Nf4 g5 8. Nxe6
Qb6 9. Nxf8 Nxf8 10. Ne2 Ng6 11. Qb3 Bf5 12. Qxb6 axb6 13. c3 Nh4 14. Ng3 Bh7
15. f3 f6 16. exf6 Nd7 17. Kf2 Nxf6 18. Be2 O-O 19. Re1 Rae8 20. Kg1 Re6 21.
Bd2 Rfe8 22. Bf1 g4 23. Rxe6 Rxe6 24. fxg4 Nxg4 25. h3 Ne3 26. Re1 Nxf1 27.
Rxe6 Nxg3 28. Re8+ Kf7 29. Rb8 Be4 30. Rxb7+ Ke8 31. Be1 Ne2+ 32. Kf1 Nf4 33.
Bxh4 Nxg2 34. Re7+ 1-0

[Event "Bayerische EM 2021 - Männer"]
[Site "Schney"]
[Date "2021.08.23"]
[Round "2.7"]
[White "Reimann, Matthias"]
[Black "Miller, Eduard"]
[Result "0-1"]
[WhiteElo "2017"]
[BlackElo "2380"]
[PlyCount "92"]
[EventDate "2021.??.??"]
[WhiteTeam "SK Kriegshaber"]
[BlackTeam "SC Erlangen"]

1. d4 f5 2. Nc3 Nf6 3. Bg5 d5 4. e3 e6 5. Nf3 Be7 6. Bd3 Nbd7 7. Ne2 Ne4 8.
Bxe7 Qxe7 9. O-O O-O 10. c4 c6 11. Qc2 Rf6 12. Nd2 Rh6 13. f3 Nxd2 14. Qxd2 Qh4
15. h3 Nf6 16. Rfb1 Bd7 17. b4 Re8 18. Qe1 e5 19. Qxh4 Rxh4 20. c5 e4 21. fxe4
Nxe4 22. Rb3 Nd2 23. Rb2 Nc4 24. Bxc4 dxc4 25. Kf2 Rhe4 26. Rc1 Rxe3 27. Rxc4
R3e4 28. Rcc2 Be6 29. Rc3 Bd5 30. Rd2 h5 31. Rf3 g6 32. Nc3 Re1 33. Nxd5 cxd5
34. Rb3 Rc1 35. Re3 Re4 36. Red3 f4 37. Ra3 a6 38. b5 axb5 39. Rb3 g5 40. Rxb5
g4 41. hxg4 hxg4 42. Rb3 Rh1 43. Rxb7 Ree1 44. g3 Rhf1+ 45. Kg2 f3+ 46. Kh2
Rh1# 0-1

[Event "Bayerische EM 2021 - Männer"]
[Site "Schney"]
[Date "2021.08.23"]
[Round "2.8"]
[White "Willim, Michael"]
[Black "Schmid, Franz"]
[Result "1/2-1/2"]
[WhiteElo "2076"]
[BlackElo "2197"]
[PlyCount "36"]
[EventDate "2021.??.??"]
[WhiteTeam "SC Erlangen"]
[BlackTeam "SK Passau"]

1. d4 Nf6 2. c4 g6 3. Nc3 d5 4. Nf3 Bg7 5. Qb3 dxc4 6. Qxc4 O-O 7. e4 Nc6 8.
Be2 e5 9. dxe5 Ng4 10. Bf4 Ngxe5 11. Nxe5 Nxe5 12. Qc5 b6 13. Qe3 Be6 14. Rd1
Qe7 15. O-O Nc4 16. Bxc4 Bxc4 17. Rfe1 Rfe8 18. b3 Be6 1/2-1/2